LEADER 00844nam a2200229 i 4500 001 000000192902 003 CaOOAMICUS 005 20101004000000.0 008 101004n it u000 u ita u 013 $a171540 040 $aSeMil$bita 100 1 $aNediani, Tommaso.$0(OLS)http://semarc/name/47437 245 10$aPadre Semeria /$cTommaso Nediani. 260 $aMilano :$bPro Familia,$c199[?] 300 $a52 p. ;$c18 cm. 490 0 $aI nostri ;$v11 600 14$aSemeria, Giovanni <1867-1931>.$0(OLS)http://semarc/subject/36475 830 2$aI nostri ;$v11.$0(OLS)http://semarc/title/401837 850 $aSeMil 852 $aSeMil$W1$xVenegono$y1$m3J II 144$j143476$B143476$CSeMilBibl$Z2$F154937 $81 996 $6245$aPadre Semeria$9(OLS)http://semarc/title/278078 996 $6260$aMilano :$bPro Familia$9(OLS)http://semarc/publisher/30182 LEADER 00522nab a2200145 i 4500 001 000000312418 003 CaOOAMICUS 005 20180831173051.0 008 180831n xx uu u0 0und r 013 $a21510 040 $aSeMil$bita 100 1 $aCappellazzi, Andrea,$c.$0(OLS)http://semarc/name/5926 245 13$aIl pensiero filosofico e la filosofia di Bergson. 773 0 $t[Settembre-Dicembre].$g223-237$w()274206 996 $6245$aIl pensiero filosofico e la filosofia di Bergson$9(OLS)http://semarc/title/386843